Infrastructure embankments (Record no. 103198)

MARC details
000 -LEADER
fixed length control field 01186cam a2200313 4500
008 - FIXED-LENGTH DATA ELEMENTS--GENERAL INFORMATION
fixed length control field 000000n2003 000 0 eng u
020 ## - INTERNATIONAL STANDARD BOOK NUMBER
International Standard Book Number 0860175928
035 ## - SYSTEM CONTROL NUMBER
System control number (Sirsi) u124312
041 ## - LANGUAGE CODE
Language code of text/sound track or separate title eng
050 ## - LIBRARY OF CONGRESS CALL NUMBER
Classification number 624.16
-- 18
100 ## - MAIN ENTRY--PERSONAL NAME
Personal name Perry, J.
245 ## - TITLE STATEMENT
Title Infrastructure embankments
Remainder of title condition appraisal and remedial treatment
250 ## - EDITION STATEMENT
Edition statement 2nd ed.
260 ## - PUBLICATION, DISTRIBUTION, ETC.
Place of publication, distribution, etc. London
Name of publisher, distributor, etc. CIRIA
-- 2003
300 ## - PHYSICAL DESCRIPTION
Extent 242p.
Other physical details ill.
Dimensions 30cm.
350 ## - PRICE (NR) (BK AM CF MU VM SE) [OBSOLETE]
Price 81
490 ## - SERIES STATEMENT
Series statement CIRIA Publication
Volume/sequential designation C592
520 ## - SUMMARY, ETC.
Summary, etc. This fully updated second edition provides infrastructure owners, designers, contractors and maintenance managers with guidance on the management, condition appraisal and repair of infrastructure embankments. Includes case studies demonstrating good practice. Glossary, references and various appendices.
650 ## - SUBJECT ADDED ENTRY--TOPICAL TERM
Topical term or geographic name entry element EMBANKMENTS
650 ## - SUBJECT ADDED ENTRY--TOPICAL TERM
Topical term or geographic name entry element GROUND ENGINEERING
650 ## - SUBJECT ADDED ENTRY--TOPICAL TERM
Topical term or geographic name entry element Infrastructure
9 (RLIN) 6246
650 ## - SUBJECT ADDED ENTRY--TOPICAL TERM
Topical term or geographic name entry element GEOTECHNICAL ENGINEERING
650 ## - SUBJECT ADDED ENTRY--TOPICAL TERM
Topical term or geographic name entry element RAILWAY EMBANKMENTS
690 ## - LOCAL SUBJECT ADDED ENTRY--TOPICAL TERM (OCLC, RLIN)
Topical term or geographic name as entry element BUILDING AND CONSTRUCTION-ENGINEERING
700 ## - ADDED ENTRY--PERSONAL NAME
Personal name Pedley, M.
700 ## - ADDED ENTRY--PERSONAL NAME
Personal name Reid, M.
710 ## - ADDED ENTRY--CORPORATE NAME
Corporate name or jurisdiction name as entry element Construction Industry Research and Information Association
9 (RLIN) 4810
942 ## - ADDED ENTRY ELEMENTS (KOHA)
Suppress in OPAC 0
Holdings
Withdrawn status Lost status Source of classification or shelving scheme Damaged status Not for loan Home library Current library Shelving location Date acquired Total Checkouts Full call number Barcode Date last seen Date last checked out Copy number Price effective from Koha item type
    Dewey Decimal Classification     London London Folio 13/11/2003 1 F624.16 PER 30067898 06/08/2019 18/08/2005 1 06/08/2019 Book